Discriminant Analysis /

Na minha lista:
Detalhes bibliográficos
Autor principal: Klecka, William R. (autor)
Formato: Livro
Idioma:inglês
Publicado em: Los Angeles, EUA : Sage, 1980, c1980
coleção:(Quantitative Applications in the Social Sciences ; 19)
Assuntos:
Tags: Adicionar Tag
Sem tags, seja o primeiro a adicionar uma tag!

MARC

LEADER 00000nam^a2200000^a^4500
001 000046873
005 20250521000000.0
009 20260310090029.86
020 |a 0-8039-1491-1 
037 |a Acervo ITESO - Biblioteca 
041 |a ING 
082 |a 519.  |b QUA V. 19 
100 |a Klecka, William R.  |e (autor) 
245 1 0 |a Discriminant Analysis /  |c W.R. Klecka. 
264 4 |a Los Angeles, EUA :  |b Sage,  |c 1980, c1980 
300 |a 71 p. 
336 |a texto  |b txt  |2 rdacontenido 
337 |a sin mediación  |b n  |2 rdamedio 
338 |a volumen  |b nc  |2 rdasoporte 
440 1 |a (Quantitative Applications in the Social Sciences ;  |v 19) 
649 |a XX 
650 |a Matemáticas 
650 |a Investigación -  |x Metodología 
910 |a Fondo General 
920 |a Impresos - Libros 
930 |a Colección General 
905 |a 101 
901 |a 0500002377  |b IT1  |c ACC  |u 20250521 
902 |a https://opac.biblio.iteso.mx/vufind/Record/000046873